000 00574cam a22002053a 4500
001 43352
003 PGUSA
005 20140828084003.0
008 130729s2013||||xxu|||||s|||||000 | eng d
040 _aPGUSA
_beng
042 _adc
100 1 _aSchipper, Jakob
245 1 2 _aA History of English Versification
_h[electronic resource] /
_cJakob Schipper
260 _bProject Gutenberg,
_c2013
506 _aPublic domain in the USA.
516 _aElectronic text
830 0 _aProject Gutenberg
_v43352
856 4 0 _uhttp://www.gutenberg.org/ebooks/43352
942 _cEB
999 _c272603
_d272603